The characterisation of amang minerals from Peninsular Malaysia /
Saved in:
| Main Author: | |
|---|---|
| Format: | Thesis Book |
| Language: | English |
| Published: |
2008.
|
| Subjects: | |
| Tags: |
Add Tag
No Tags, Be the first to tag this record!
|
| LEADER | 00890cam a2200253 a 4500 | ||
|---|---|---|---|
| 001 | u764145 | ||
| 003 | SIRSI | ||
| 005 | 200901131223 | ||
| 008 | 090113s2008 my t 000 0 eng m | ||
| 040 | |a UMM | ||
| 043 | |a a-my--- | ||
| 090 | |a QE3 |b UM 2008 Che | ||
| 100 | 1 | |a Cheng, Kwong Kiong. | |
| 245 | 1 | 4 | |a The characterisation of amang minerals from Peninsular Malaysia / |c by Cheng Kwong Kiong. |
| 260 | |c 2008. | ||
| 300 | |a xxi, 198 leaves : |b ill. ; |c 30 cm. | ||
| 502 | |a Dissertation (M.Sc.) -- Jabatan Geologi, Fakulti Sains, Universiti Malaya, 2008. | ||
| 504 | |a Bibliography: leaves 194-197. | ||
| 650 | 0 | |a Mineralogy |z Malaysia. | |
| 650 | 0 | |a Tin mines and mining |z Malaysia. | |
| 710 | 2 | |a Universiti Malaya. |b Jabatan Geologi. | |
| 900 | |a SJMK-ZA | ||
| 596 | |a 1 | ||
| 999 | |a QE3 UM 2008 CHE |w LC |c 1 |i A513452135 |d 7/5/2013 |e 7/5/2013 |f 19/1/2010 |g 1 |l STACKS |m P01UTAMA |n 1 |r Y |s Y |t TESIS |u 15/1/2010 | ||
